000 00963nas a2200301 4500
001 BR2012006036
003 BR-BrBNA
005 20231205120959.0
007 ta
008 230509b bl.|||p| |||| 00| 00por d
040 _aBR-BrBNA
_bpor
_cBiblioteca Nacional de Agricultura
041 _a(Pt)
072 _aE14
100 1 _aSilva, E.N. da
100 1 _aSantana, A.C. de
100 1 _aSilva, I.M. da
100 1 _aOliveira, C.M.
245 1 _aAspectos socioeconômicos da produção extrativista de óleos de andiroba e de copaíba na floresta nacional do Tapajós, estado do Pará
650 _aCOPAÍBA
650 _aANDIROBA
650 _aÁRVORE ANGIOSPERMA
650 _aÓLEO
650 _aRENDIMENTO
650 _aPOLÍTICA DE DESENVOLVIMENTO
773 0 _tRevista de Ciências Agrárias (Brazil)
_xISSN 1517-591X
_g(Jan-Jun 2010), v. 53(1) p. 12-23
_wBR2012006036
909 _a202311
_bLúcia
_c55
_dLúcia Elande
942 _2AGRIS
_n0
_cANA
999 _c221295
_d221295